| 000 | 01117cam a2200349 i 4500 | ||
|---|---|---|---|
| 001 | 193620 | ||
| 003 | SpMaBN | ||
| 005 | 20240131063037.0 | ||
| 007 | ta | ||
| 008 | 080625s2008 sp | |||| 000 0 spa | ||
| 017 |
_aM 15520-2008 _bOficina Depósito Legal Madrid |
||
| 020 | _a9788472094574 | ||
| 035 | _a(OCoLC)268784196 | ||
| 040 |
_aSpMaBN _bspa _cSpMaBN _erdc |
||
| 080 | _a342.34(460) | ||
| 100 | 0 |
_aPrada, Juan María de _0XX858847 _993575 _eaut |
|
| 245 | 1 | 0 |
_aNuestra democracia / _cJuan María de Prada |
| 260 |
_aMadrid : _bUnión Editorial, _c2008 |
||
| 300 |
_a310 páginas ; _c21 cm |
||
| 336 |
_2rdacontent _aTexto |
||
| 337 |
_2rdamedia _asin mediación |
||
| 338 |
_2rdacarrier _avolumen |
||
| 490 | 1 | _aMonografías | |
| 500 | _aÍndice | ||
| 504 | _aBibliografía: páginas 307-310 | ||
| 650 | 7 |
_aDemocracia- _zEspaña _9145899 |
|
| 830 | 0 |
_aMonografías (Madrid) _9234970 |
|
| 852 |
_aES-MaACL _bR. 153221 _cDEPOJ _jN-8151 _hDonación: Editorial _9201122 |
||
| 942 |
_n0 _cMONOGRAFIA |
||
| 999 |
_c193620 _d193620 |
||